| 000 | 00559nam a22002297a 4500 | ||
|---|---|---|---|
| 003 | UA-OsUOA | ||
| 001 | 20563 | ||
| 007 | ta | ||
| 008 | 20031101b un ||||| |||| 00| 0 ukr d | ||
| 090 |
_a913(564.3) _bК42 |
||
| 942 | _cBK | ||
| 040 |
_aUA-OsUOA _brus _cUA-OsUOA _dUA-OsUOA |
||
| 245 |
_aКипр _cР.П.Корниенко Е.И.Уразова К.А.Шеменков |
||
| 300 | _a260 с. | ||
| 955 | _a0 | ||
| 041 | _arus | ||
| 080 | _a913(564.3) | ||
| 260 |
_aМосква _bНаука _c1969 |
||
| 044 | _aRU | ||
| 650 | 7 | _2UDC | |
| 999 |
_c306743 _d306743 |
||